Logo BPK

Biblioteka

Politechniki Koszalińskiej

Delphi 8.NET : (Rekord nr 45515)

Szczegóły MARC
000 -ETYKIETA REKORDU
podpole kontrolne o stałej długości 00742nam a2200229 i 4500
001 - NUMER KONTROLNY REKORDU
pole kontrolne bg
020 ## - MIĘDZYNARODOWY ZNORMALIZOWANY NUMER KSIĄŻKI - ISBN
ISBN 8373614850
040 ## - ŹRÓDŁO KATALOGOWANIA
Instytucja, która utworzyła rekord BPK
041 1# - KOD JĘZYKA
Kod języka tekstu pol
Kod języka oryginału eng
080 ## - UNIWERSALNA KLASYFIKACJA DZIESIĘTNA - UKD
UKD 004.438A/Z:004.42](07)
920 ## - Międzynarodowy znormalizowany numer książki – ISBN
ISBN 83-7361-485-0
008 - POLE O STAŁEJ DŁUGOŚCI - DANE KONTROLNE
podpole kontrolne o stałej długości s pl f |000 0 pol
100 1# - NAZWA OSOBOWA
Nazwa osobowa Boduch, Adam.
245 10 - TYTUŁ/ODPOWIEDZIALNOŚĆ
Tytuł Delphi 8.NET :
Ciąg dalszy tytułu kompendium programisty /
Pozostałe elementy strefy tytułu i oznaczenia odpowiedzialności Adam Boduch.
260 ## - STREFA ADRESU WYDAWNICZEGO
Miejsce wydania Gliwice :
Nazwa wydawcy/dystrybutora "Helion",
Data publikacji, dystrybucji/powstania dokumentu cop. 2004.
300 ## - STREFA OPISU FIZYCZNEGO
Objętość 838, [2] s. :
Inne cechy fizyczne fot. ;
Rozmiary 24 cm +
Dokument towarzyszący CD-ROM.
500 ## - UWAGI OGÓLNE
Tekst uwagi U góry okł. podtyt.: przewodnik po najnowszej wersji popularnego środowiska programistycznego.
650 #9 - HASŁO PRZEDMIOTOWE W FORMIE NAZWY OGÓLNEJ LUB JEDNOSTKOWEJ
Nazwa ogólna lub geograficzna Delphi.net
655 ## - TERMIN INDEKSOWY - OKREŚLENIE RODZAJU/FORMY DOKUMENTU
Określenie rodzaju/formy dokumentu Podręczniki
856 ## - LOKALIZACJA I DOSTĘP DO ELEKTRONICZNYCH DOKUMENTÓW ZDALNYCH
Link (URL) http://koha.tu.koszalin.pl/cgi-bin/koha/opac-detail.pl?biblionumber=45515
Tekst linku Katalog online BPK
942 ## - DODATKOWE ELEMENTY (KOHA)
Typ dokumentu Książka
Egzemplarze
Wycofany Status egzemplarza Uszkodzony Dostępność Lokalizacja stała Lokalizacja bieżąca Miejsce przechowywania Sygnatura Kod kreskowy Typ dokumentu
      Dostępny Biblioteka Politechniki Koszalińskiej Biblioteka Politechniki Koszalińskiej Wypożyczalnia BG 74373 02247694 Książka
      Dostępny Biblioteka Politechniki Koszalińskiej Biblioteka Politechniki Koszalińskiej Wypożyczalnia BG 74374 02247687 Książka
© 2023 Biblioteka Politechniki Koszalińskiej :: KOHA